Competition in the 21st century (Record no. 134747)

MARC details
000 -LEADER
fixed length control field 00739nam a2200253Ia 4500
008 - FIXED-LENGTH DATA ELEMENTS--GENERAL INFORMATION
fixed length control field 191130s1997##################000#0#eng##
020 ## - INTERNATIONAL STANDARD BOOK NUMBER
ISBN 9781574440324
082 ## - DEWEY DECIMAL CLASSIFICATION NUMBER
Classification number 338.6048 TYS
100 ## - MAIN ENTRY--AUTHOR NAME
Personal name Tyson, Kirk W. M
245 ## - TITLE STATEMENT
Title Competition in the 21st century
Statement of responsibility, etc Kirk W.M. Tyson
260 ## - PUBLICATION, DISTRIBUTION, ETC. (IMPRINT)
Place of publication Delray Beach, FL
Name of publisher St. Lucie Press
Year of publication c1997
300 ## - PHYSICAL DESCRIPTION
Number of Pages xvi, 279 p. : ill. ; 24 cm
500 ## - GENERAL NOTE
General note Includes index
650 ## - SUBJECT ADDED ENTRY--TOPICAL TERM
Topical Term Business forecasting
Topical Term Competition, International
Topical Term Economic history - 1990-
Topical Term Economics
Topical Term Twenty-first century - Forecasts
991 ## -
-- 196647
Holdings
Withdrawn status Lost status Damaged status Not for loan Home library Current library Shelving location Date acquired Full call number Accession Number Price effective from Koha item type
        Anna Centenary Library Anna Centenary Library 4TH FLOOR, A WING 12.10.2020 338.6048 TYS 288661 12.10.2020 English Books

Find us on the map